Environmental control and public health : noise. Unit 13, Noise assessment, standards and legislation. (Record no. 1801)

000 -LEADER
fixed length control field 00875nam a22002297a 4500
003 - CONTROL NUMBER IDENTIFIER
control field OSt
005 - DATE AND TIME OF LATEST TRANSACTION
control field 20210630085540.0
008 - FIXED-LENGTH DATA ELEMENTS--GENERAL INFORMATION
fixed length control field 210630b ||||| |||| 00| 0 eng d
020 ## - INTERNATIONAL STANDARD BOOK NUMBER
International Standard Book Number 0749261773
040 ## - CATALOGING SOURCE
Transcribing agency ALUPE UNIVERSITY
050 ## - LIBRARY OF CONGRESS CALL NUMBER
Classification number HC79
Item number .E58 1993
110 ## - MAIN ENTRY--CORPORATE NAME
Corporate name or jurisdiction name as entry element Open University.
Subordinate unit Environmental Control and Public Health Course Team.
245 ## - TITLE STATEMENT
Title Environmental control and public health : noise. Unit 13, Noise assessment, standards and legislation.
Statement of responsibility, etc. Open University. Environmental Control and Public Health Course Team.
260 ## - PUBLICATION, DISTRIBUTION, ETC.
Place of publication, distribution, etc. Milton Keynes
Name of publisher, distributor, etc. Open University,
Date of publication, distribution, etc. 1993.
300 ## - PHYSICAL DESCRIPTION
Extent 48 pages ; 30 cm.
440 ## - SERIES STATEMENT/ADDED ENTRY--TITLE
Title Technology : a second level course; T237, Unit 13
500 ## - GENERAL NOTE
General note At head of title: The Open University.
650 ## - SUBJECT ADDED ENTRY--TOPICAL TERM
Form subdivision Environmental health.
650 ## - SUBJECT ADDED ENTRY--TOPICAL TERM
Form subdivision Public health.
650 ## - SUBJECT ADDED ENTRY--TOPICAL TERM
Form subdivision Noise pollution -- Great Britain.
942 ## - ADDED ENTRY ELEMENTS (KOHA)
Source of classification or shelving scheme
Koha item type Book
Holdings
Withdrawn status Lost status Source of classification or shelving scheme Damaged status Not for loan Permanent Location Current Location Shelving location Date acquired Total Checkouts Full call number Barcode Date last seen Price effective from Koha item type Public note
          AU LIBRARY AU LIBRARY Open Shelf 30.06.2021   HC79 .E58 1993 28001119 30.06.2021 30.06.2021 Book MW

Powered by Koha